Gasztroturizmus változása Magyarországon az elmúlt 5 évben

Bibliográfiai részletek
Szerző: Kanyik Dániel
További közreműködők: Csulak Gergely
Dokumentumtípus: Diplomadolgozat
Kulcsszavak:étterem
gasztronómia
koronavírus-járvány (COVID-19)
trendek
vendéglátás
Online Access:http://dolgozattar.uni-bge.hu/59528

MARC

LEADER 00000nta a2200000 i 4500
001 dolg59528
005 20260409145205.0
008 260409suuuu hu om 000 hun d
040 |a BGE Dolgozattár Repozitórium  |b hun 
041 |a hu 
100 1 |a Kanyik Dániel 
245 1 0 |a Gasztroturizmus változása Magyarországon az elmúlt 5 évben  |c Kanyik Dániel  |h [elektronikus dokumentum] 
520 3 |a Szakdolgozatom célja az volt, hogy feltérképezzem a gasztroturizmus elmúlt öt évben lezajlott változásait Magyarországon, különös tekintettel a turisztikai és vendéglátóipari trendekre, valamint a fogyasztói magatartás alakulására. A primer kutatások és a szekunder elemzések alapján egyértelművé vált, hogy a gasztroturizmus mára nem csupán a turizmus egyik szegmense, hanem egyre inkább önálló, identitáshordozó és gazdaságilag is jelentős vonzerővé vált.A szakdolgozat azt az összegző kijelentést fogalmazza meg, hogy hazánk gasztroturisztikai potenciálja kiemelkedő, és a szektor további fejlődése szoros együttműködést kíván a turizmus, a vendéglátás, a marketing és a digitális kommunikáció szereplői között. A cél nem csupán az, hogy több turistát vonzzunk, hanem az is, hogy olyan gasztronómiai élményt nyújtsunk, amely hiteles, emlékezetes és a fenntarthatóság jegyében születik. 
695 |a étterem 
695 |a gasztronómia 
695 |a koronavírus-járvány (COVID-19) 
695 |a trendek 
695 |a vendéglátás 
700 1 |a Csulak Gergely  |e ths 
856 4 0 |u http://dolgozattar.uni-bge.hu/59528/1/Gasztroturizmus%20v%C3%A1ltoz%C3%A1sa%20Magyarorsz%C3%A1gon%20az%20elm%C3%BAlt%205%20%C3%A9vben.pdf  |z Dokumentum-elérés 
856 4 0 |u http://dolgozattar.uni-bge.hu/59528/2/Kanyik%20D%C3%A1niel-KOQ9OM_Szakdolgozat_b%C3%ADr%C3%A1lati_lap-CsG.pdf  |z Dokumentum-elérés 
856 4 0 |u http://dolgozattar.uni-bge.hu/59528/3/Kanyik_D%C3%A1niel_k.pdf  |z Dokumentum-elérés